New proficiency GOLD Coursebook : (ბიბ.ჩანაწერი № 41633)
[ მარტივი ფორმატი ]
| 000 -LEADER | |
|---|---|
| fixed length control field | 00624nam a2200229Ia 4500 |
| 001 - CONTROL NUMBER | |
| control field | 8302 |
| 003 - CONTROL NUMBER IDENTIFIER | |
| control field | GE_BSU |
| 005 - DATE AND TIME OF LATEST TRANSACTION | |
| control field | 20240429164916.0 |
| 008 - FIXED-LENGTH DATA ELEMENTS--GENERAL INFORMATION | |
| fixed length control field | 181216s2012||||enk|||||||||||||| ||eng|| |
| 020 ## - INTERNATIONAL STANDARD BOOK NUMBER | |
| International Standard Book Number | 9780585077272 |
| 040 ## - CATALOGING SOURCE | |
| Transcribing agency | GE_BSU |
| 041 ## - LANGUAGE CODE | |
| Language code of text/sound track or separate title | eng. |
| 080 ## - UNIVERSAL DECIMAL CLASSIFICATION NUMBER | |
| Universal Decimal Classification number | 811.111(075) N-52 |
| 100 ## - MAIN ENTRY--PERSONAL NAME | |
| Personal name | Newbrook, Jasky |
| 9 (RLIN) | 3174 |
| 245 ## - TITLE STATEMENT | |
| Title | New proficiency GOLD Coursebook : |
| Remainder of title | Gold / |
| Statement of responsibility, etc. | Newbrook Jasky, Wilson Judith. |
| 264 ## - PRODUCTION, PUBLICATION, DISTRIBUTION, MANUFACTURE, AND COPYRIGHT NOTICE | |
| Place of production, publication, distribution, manufacture | England : |
| Name of producer, publisher, distributor, manufacturer | Longman, |
| Date of production, publication, distribution, manufacture, or copyright notice | 2012 |
| 300 ## - PHYSICAL DESCRIPTION | |
| Extent | 240 p.; |
| Dimensions | 28 cm. |
| 653 ## - INDEX TERM--UNCONTROLLED | |
| keyword | New proficiency GOLD Coursebook |
| 700 ## - ADDED ENTRY--PERSONAL NAME | |
| Personal name | Judith, Wilson |
| Titles and other words associated with a name | Avthor |
| 9 (RLIN) | 21985 |
| 942 ## - ADDED ENTRY ELEMENTS (KOHA) | |
| Koha item type | წიგნი |
| Source of classification or shelving scheme | |
| Withdrawn status | Lost status | Source of classification or shelving scheme | Damaged status | Not for loan | Permanent Location | Current Location | Shelving location | Date acquired | Cost, normal purchase price | Full call number | Barcode | Date last seen | Copy number | Price effective from | Koha item type | Public note |
|---|---|---|---|---|---|---|---|---|---|---|---|---|---|---|---|---|
| ბათუმის შოთა რუსთაველის სახელმწიფო უნივერსიტეტის მთავარი ბიბლიოთეკა | ბათუმის შოთა რუსთაველის სახელმწიფო უნივერსიტეტის მთავარი ბიბლიოთეკა | წიგნსაცავი | 2018-12-17 | 21.00 | 811.111(075) N-52 | 26698 | 2018-12-17 | 26698 | 2018-12-17 | წიგნი | 21.00 ₾. | |||||
| ბათუმის შოთა რუსთაველის სახელმწიფო უნივერსიტეტის მთავარი ბიბლიოთეკა | ბათუმის შოთა რუსთაველის სახელმწიფო უნივერსიტეტის მთავარი ბიბლიოთეკა | წიგნსაცავი | 2018-12-17 | 21.00 | 811.111(075) N-52 | 26699 | 2018-12-17 | 26699 | 2018-12-17 | წიგნი | 21.00 ₾. | |||||
| ბათუმის შოთა რუსთაველის სახელმწიფო უნივერსიტეტის მთავარი ბიბლიოთეკა | ბათუმის შოთა რუსთაველის სახელმწიფო უნივერსიტეტის მთავარი ბიბლიოთეკა | წიგნსაცავი | 2018-12-17 | 21.00 | 811.111(075) N-52 | 26700 | 2018-12-17 | 26700 | 2018-12-17 | წიგნი | 21.00 ₾. | |||||
| ბათუმის შოთა რუსთაველის სახელმწიფო უნივერსიტეტის მთავარი ბიბლიოთეკა | ბათუმის შოთა რუსთაველის სახელმწიფო უნივერსიტეტის მთავარი ბიბლიოთეკა | წიგნსაცავი | 2018-12-17 | 21.00 | 811.111(075) N-52 | 26701 | 2018-12-17 | 26701 | 2018-12-17 | წიგნი | 21.00 ₾. | |||||
| ბათუმის შოთა რუსთაველის სახელმწიფო უნივერსიტეტის მთავარი ბიბლიოთეკა | ბათუმის შოთა რუსთაველის სახელმწიფო უნივერსიტეტის მთავარი ბიბლიოთეკა | წიგნსაცავი | 2018-12-17 | 21.00 | 811.111(075) N-52 | 26702 | 2018-12-17 | 26702 | 2018-12-17 | წიგნი | 21.00 ₾. | |||||
| ბათუმის შოთა რუსთაველის სახელმწიფო უნივერსიტეტის მთავარი ბიბლიოთეკა | ბათუმის შოთა რუსთაველის სახელმწიფო უნივერსიტეტის მთავარი ბიბლიოთეკა | წიგნსაცავი | 2018-12-17 | 21.00 | 811.111(075) N-52 | 26703 | 2018-12-17 | 26703 | 2018-12-17 | წიგნი | 21.00 ₾. |
